Ultimate Duggar family quiz - Statistics

General Stats
  • This quiz has been taken 430 times
  • The average score is 36 of 46
Answer Stats
Hint Answer % Correct
Father Jimbob
96%
1st child Josh
96%
9th child Joy-Anna
94%
Mother Michelle
94%
His Wife Anna
92%
4th child Jill
92%
6th child Jinger
91%
2nd child Jana
90%
5th child Jessa
90%
3rd child John-david
90%
19th child Josie
85%
Her husband Derrick
84%
Her husband Ben
83%
Their first son Michael
83%
Their first son Spurgeon
83%
13th child James
81%
10th child Jeremiah
81%
Their second son Henry
80%
Their first son Israel
80%
15th child Jackson
80%
17th child Jennifer
80%
Her husband Jeremy
80%
His wife Abbie
79%
Their first daughter Ivy
79%
14th child Justin
79%
Their second son Marcus
79%
11th child Jedidiah
78%
16th child Johannah
78%
12th child Jason
77%
7th child Joseph
77%
8th child Josiah
77%
Their third son Mason
77%
Her husband Austin
73%
Their third daughter Maryella
73%
Their second son Samuel
72%
18th child Jordyn-Grace
71%
Their second daughter Meredith
71%
His wife Kendra
69%
His wife Lauren
69%
Their daughter Bella
67%
Their first daughter Mackynzie
67%
Their son Gideon
63%
Their daughter Gracie
61%
Their son Garrett
58%
Their daughter Addison
52%
Their daughter Felecity
26%
No matching quizzes found
Score Distribution
Percent of People with Each Score
Percentile by Number Answered
Your Score History
You have not taken this quiz